Corporate Restructuring in Nigeria (Record no. 1952)

MARC details
000 -LEADER
fixed length control field 00347nam a22001337a 4500
008 - FIXED-LENGTH DATA ELEMENTS--GENERAL INFORMATION
fixed length control field 250217b |||||||| |||| 00| 0 eng d
020 ## - INTERNATIONAL STANDARD BOOK NUMBER
ISBN 978338841X
100 ## - MAIN ENTRY--AUTHOR
Author UMUNNAEHILA, Allurell
245 ## - TITLE STATEMENT
Title Corporate Restructuring in Nigeria
260 ## - PUBLICATION, DISTRIBUTION, ETC. (IMPRINT)
Place of publication Lagos
Name of publisher Foundation Publishers
Date of publication 2001
300 ## - COLLATION
Pagination ix, 294p.
942 ## - ADDED ENTRY ELEMENTS (KOHA)
Item type Books
050 ## - LIBRARY OF CONGRESS CALL NUMBER
Classification number HD2746
Item number .U68
Holdings
Source of classification or shelving scheme Not for loan Permanent location Current location Date acquired Accession No. Full call number Barcode. Koha item type
Library of Congress Classification   Samuel Ogbemudia Main Library, University of Abuja Samuel Ogbemudia Main Library, University of Abuja 02/17/2025 2003/25194 HD2746.U68 2025-0086 Books